[Event "Superettan(Schack 08-Orgryte)"]
[Site "?"]
[Date "2015.11.06"]
[Round "1"]
[White "Tukhaev, Adam"]
[Black "Renman, Nils-Gustaf"]
[Result "1/2-1/2"]
[WhiteElo "2569"]
[BlackElo "2332"]
[PlyCount "107"]
[EventDate "2015.??.??"]
1. e4 e6 2. d4 d5 3. e5 c5 4. c3 Nc6 5. Nf3 Nge7 6. Na3 cxd4 7. cxd4 Nf5 8. Nc2
Nb4 9. Ne3 Nh4 10. Bd2 Bd7 11. Nxh4 Qxh4 12. Bc3 Qd8 13. a3 Nc6 14. Bd3 Qb6 15.
O-O Nxd4 16. b4 Nc6 17. b5 Ne7 18. a4 Ng6 19. Qg4 Bc5 20. Rae1 Qd8 21. g3 h5
22. Qd1 d4 23. Bxd4 Bxd4 24. Bxg6 Bxe3 25. fxe3 fxg6 26. Qf3 Qe7 27. Qxb7 Rd8
28. Qe4 Qg5 29. Rd1 Rf8 30. Rxf8+ Kxf8 31. Qd4 Ke8 32. Qxa7 Qxe5 33. Qd4 Qxd4
34. Rxd4 Bc8 35. Rc4 Rd1+ 36. Kf2 Kd8 37. e4 Rd3 38. a5 Ra3 39. a6 Ra5 40. Rb4
Ke7 41. e5 g5 42. Ke3 Kf7 43. h3 Bxa6 44. bxa6 Rxa6 45. Rb7+ Kg6 46. Re7 Ra3+
47. Kf2 h4 48. gxh4 gxh4 49. Rxe6+ Kf7 50. Rb6 Rxh3 51. Rb7+ Kg6 52. e6 Rc3 53.
e7 Rc8 54. Kg2 1/2-1/2

[Event "Superettan(Malmo-Vasteras II)"]
[Site "?"]
[Date "2015.11.06"]
[Round "1"]
[White "Schandorff, Lars"]
[Black "Backman, Andreas"]
[Result "1-0"]
[WhiteElo "2519"]
[BlackElo "2162"]
[PlyCount "121"]
[EventDate "2015.??.??"]
1. d4 Nf6 2. c4 e6 3. Nf3 Bb4+ 4. Bd2 a5 5. g3 b6 6. Bg2 Bb7 7. O-O Bxd2 8.
Qxd2 O-O 9. Nc3 Ne4 10. Qc2 Nxc3 11. Qxc3 Na6 12. Rfd1 d6 13. a3 Qf6 14. Qc2
Rab8 15. d5 e5 16. Rab1 Bc8 17. b4 Bf5 18. e4 Bg4 19. Qd3 Ra8 20. Rdc1 Qe7 21.
Nd2 Nb8 22. Nf1 Bc8 23. Ne3 g6 24. f4 exf4 25. gxf4 Qh4 26. Rf1 axb4 27. axb4
Bh3 28. Rf3 Bxg2 29. Nxg2 Qe7 30. Re1 Nd7 31. Qc3 f6 32. Rg3 Qg7 33. Ne3 Qh6
34. Rf1 Ra2 35. Rg2 Rfa8 36. Nc2 Qh5 37. h3 Qh6 38. Kh2 Re8 39. Qb3 Rea8 40.
Rf3 Qh5 41. Nd4 Ne5 42. Rfg3 Ng4+ 43. Rxg4 R2a3 44. R2g3 Rxb3 45. Rxb3 Ra2+ 46.
Kg3 Ra1 47. Nf3 Qh6 48. c5 Qf8 49. cxb6 cxb6 50. Rc3 Qe8 51. f5 g5 52. e5 h5
53. Rgc4 h4+ 54. Kf2 Ra2+ 55. Ke3 Ra8 56. e6 Kg7 57. Rc7+ Kh6 58. Nh2 g4 59.
Kf4 Qh8 60. Nxg4+ Kh5 61. Rh7+ 1-0

[Event "Superettan(Schack 08-Orgryte)"]
[Site "?"]
[Date "2015.11.06"]
[Round "1"]
[White "Ingbrant, Johan"]
[Black "Ziegler, Ari"]
[Result "1/2-1/2"]
[WhiteElo "2365"]
[BlackElo "2306"]
[PlyCount "95"]
[EventDate "2015.??.??"]
1. Nf3 Nf6 2. g3 g6 3. Bg2 Bg7 4. O-O O-O 5. c4 d6 6. d4 Nc6 7. Nc3 a6 8. d5
Na5 9. b3 c5 10. dxc6 bxc6 11. Bb2 Rb8 12. Qd2 c5 13. Rac1 Bb7 14. Ba1 Nc6 15.
Ng5 Nd4 16. Bxb7 Rxb7 17. e3 Ne6 18. Nxe6 fxe6 19. f4 Rd7 20. Qg2 Ng4 21. Rfe1
Qa8 22. Ne4 Bxa1 23. Rxa1 a5 24. Rad1 Ra7 25. Nc3 Qxg2+ 26. Kxg2 Nf6 27. Re2
Nd7 28. e4 e5 29. Rf1 exf4 30. gxf4 Nb6 31. e5 a4 32. exd6 exd6 33. Nb5 Rd7 34.
Re6 axb3 35. axb3 Nc8 36. Kg3 Kg7 37. Rd1 Rf6 38. Rxf6 Kxf6 39. Rd3 Ke6 40.
Re3+ Kf7 41. Rd3 Ne7 42. Kf3 Nf5 43. b4 cxb4 44. c5 Rb7 45. Nxd6+ Nxd6 46. c6
Rc7 47. Rxd6 b3 48. Rd3 1/2-1/2